[Event "European Youth Chess Championship B14"]
[Site "Prague, Top Hotel Prague"]
[Date "2016.08.24"]
[Round "6.10"]
[White "Lomasov, Semen"]
[Black "Pavlov, Danila"]
[Result "1-0"]
[WhiteElo "2383"]
[BlackElo "2077"]
[PlyCount "117"]
[EventDate "2016.08.18"]

1. e4 e6 2. d4 d5 3. Nd2 c5 4. exd5 Qxd5 5. Ngf3 cxd4 6. Bc4 Qd6 7. O-O Nf6 8.
Nb3 Nc6 9. Nbxd4 Nxd4 10. Nxd4 a6 11. Re1 Bd7 12. Bg5 Qc7 13. Qe2 O-O-O 14.
Rad1 Bd6 15. Bxa6 Qa5 16. Bb5 Bc5 17. Bxd7+ Rxd7 18. Bxf6 gxf6 19. Nb3 Qb6 20.
Rxd7 Kxd7 21. Nxc5+ Qxc5 22. Qf3 Rc8 23. Qxf6 Ke8 24. c3 Qc4 25. Qh8+ Ke7 26.
Qxh7 Rd8 27. Qh6 Rd5 28. Qe3 Qxa2 29. Qb6 Rd7 30. Qb4+ Ke8 31. Qb5 Qd5 32. Qxd5
Rxd5 33. h4 Rd2 34. b3 Kf8 35. c4 Kg7 36. Re5 Rd7 37. Kh2 Re7 38. g4 f6 39. Rb5
Kg6 40. h5+ Kh6 41. Kg3 e5 42. f4 e4 43. Kf2 e3+ 44. Ke2 Re4 45. g5+ fxg5 46.
fxg5+ Kxh5 47. Rxb7 Kxg5 48. Rf7 Re8 49. Rf3 Rb8 50. Rxe3 Kf4 51. Kd2 Rc8 52.
Re7 Kf5 53. Kc3 Kf6 54. Re3 Kf5 55. b4 Kf4 56. Re7 Ra8 57. b5 Ra1 58. Kb4 Rb1+
59. Kc5 1-0

[Event "European Youth Chess Championship B14"]
[Site "Prague, Top Hotel Prague"]
[Date "2016.08.24"]
[Round "6.11"]
[White "Henderson, De La Fuente Lance"]
[Black "Oboladze, Luka"]
[Result "1/2-1/2"]
[WhiteElo "2306"]
[BlackElo "2076"]
[PlyCount "73"]
[EventDate "2016.08.18"]

1. e4 c5 2. Nf3 d6 3. d4 cxd4 4. Nxd4 Nf6 5. Nc3 Nc6 6. Bc4 e6 7. Be3 a6 8. Bb3
Qc7 9. f4 Be7 10. O-O O-O 11. f5 e5 12. Nde2 b5 13. Nd5 Nxd5 14. Bxd5 Bb7 15.
Ng3 Na5 16. Bxb7 Nxb7 17. f6 Bxf6 18. Rxf6 gxf6 19. Qf3 f5 20. Bh6 f6 21. Bxf8
Rxf8 22. Nxf5 Kh8 23. c3 Qf7 24. b3 Qc7 25. Rd1 Rd8 26. b4 Qf7 27. Rd5 Qc7 28.
h4 Qf7 29. h5 Qe6 30. Qe3 Qg8 31. Qb6 Qg5 32. h6 Qc1+ 33. Kh2 Qf4+ 34. g3 Qxe4
35. Qxb7 Qe2+ 36. Kh3 Qf1+ 37. Kh2 1/2-1/2

[Event "European Youth Chess Championship B14"]
[Site "Prague, Top Hotel Prague"]
[Date "2016.08.24"]
[Round "6.12"]
[White "Karayev, Kanan"]
[Black "Petkov, Matey"]
[Result "0-1"]
[WhiteElo "2275"]
[BlackElo "2072"]
[PlyCount "54"]
[EventDate "2016.08.18"]

1. e4 d6 2. d4 Nf6 3. Nc3 g6 4. f4 Bg7 5. Nf3 c5 6. dxc5 Qa5 7. Bd3 Qxc5 8. Qe2
O-O 9. Be3 Qa5 10. O-O Bg4 11. h3 Bxf3 12. Qxf3 Nc6 13. g4 Nd7 14. h4 Bxc3 15.
bxc3 Qxc3 16. h5 Nb4 17. a3 Nxc2 18. Bxc2 Qxc2 19. Rac1 Qa4 20. hxg6 fxg6 21.
Rc7 Rac8 22. Rxb7 Ne5 23. Qh1 Qxa3 24. Bd4 Rc2 25. Bf2 Rxf4 26. Qh6 Rxg4+ 27.
Kh2 Qg3+ 0-1

[Event "European Youth Chess Championship B14"]
[Site "Prague, Top Hotel Prague"]
[Date "2016.08.24"]
[Round "6.13"]
[White "Ongut, Tamas Gunes"]
[Black "Mnatsakanian, Arsen"]
[Result "0-1"]
[WhiteElo "2063"]
[BlackElo "2195"]
[PlyCount "66"]
[EventDate "2016.08.18"]

1. e4 c5 2. Nf3 e6 3. d4 cxd4 4. Nxd4 Nf6 5. Nc3 Nc6 6. Nxc6 bxc6 7. e5 Nd5 8.
Ne4 f5 9. exf6 Nxf6 10. Nd6+ Bxd6 11. Qxd6 Qa5+ 12. Bd2 Qd5 13. Qxd5 cxd5 14.
Bd3 O-O 15. Bb4 Re8 16. O-O-O Bb7 17. Rhe1 Rac8 18. f3 e5 19. Bf5 g6 20. Bh3
Bc6 21. Bd2 d4 22. Bg5 Nd5 23. f4 Nb4 24. Rxe5 Rxe5 25. fxe5 Bxg2 26. Bxg2
Rxc2+ 27. Kb1 Rxg2 28. Rxd4 Nc6 29. Rxd7 Rxg5 30. e6 Re5 31. h4 Nb4 32. e7 Nc6
33. Rd8+ Kf7 0-1

[Event "European Youth Chess Championship B14"]
[Site "Prague, Top Hotel Prague"]
[Date "2016.08.24"]
[Round "6.14"]
[White "Zimmer, Raphael"]
[Black "Mis, Mieszko"]
[Result "1/2-1/2"]
[WhiteElo "2180"]
[BlackElo "2041"]
[PlyCount "162"]
[EventDate "2016.08.18"]

1. e4 d5 2. exd5 Qxd5 3. Nc3 Qa5 4. d4 Nf6 5. Bc4 Bf5 6. Nf3 e6 7. Bd2 c6 8.
Qe2 Bb4 9. O-O-O O-O 10. a3 Bxc3 11. Bxc3 Qc7 12. Ne5 Nbd7 13. f3 b5 14. Bb3 a5
15. g4 Bg6 16. h4 b4 17. h5 Bxc2 18. Qxc2 bxc3 19. Qxc3 Rac8 20. Kb1 Nxe5 21.
dxe5 Nd5 22. Qd4 Rb8 23. Rd3 Rfd8 24. Qe4 Qb6 25. Rc1 Rd7 26. Qa4 Rc7 27. Ka2
c5 28. Rc2 Ne7 29. Rd6 Qb7 30. Rcd2 Rf8 31. Rd7 Nc6 32. Rxc7 Qxc7 33. f4 Nd4
34. g5 Qb7 35. Bc4 Qf3 36. Qxa5 Qxf4 37. Rg2 Qxe5 38. g6 fxg6 39. hxg6 h5 40.
Qd2 Qf4 41. Qe1 Qf5 42. Qh4 Rf6 43. Rg5 Nf3 44. Rxf5 Nxh4 45. Rxh5 Nxg6 46.
Rxc5 Kf8 47. a4 Ke7 48. Rc7+ Kd6 49. Rxg7 Kc5 50. Rc7+ Kb6 51. Rc8 Ne5 52. Bb5
Ka5 53. Ka3 Kb6 54. Rc2 Nf3 55. Rc6+ Ka7 56. Rd6 Rf5 57. Rxe6 Nd4 58. Re7+ Kb6
59. Bc4 Rf3+ 60. b3 Nc2+ 61. Kb2 Nb4 62. Re6+ Kc5 63. Re5+ Kd4 64. Re2 Rg3 65.
Ka3 Kc3 66. a5 Nc6 67. Ka4 Rg5 68. Re3+ Kd4 69. Rd3+ Ke4 70. b4 Ne5 71. Rd5 Rg1
72. Rc5 Kd4 73. Be6 Nd3 74. Rc4+ Ke5 75. Rc6 Ra1+ 76. Kb5 Rb1 77. Rc4 Kxe6 78.
a6 Kd5 79. a7 Ra1 80. Rc7 Kd6 81. Rc8 Rxa7 1/2-1/2

[Event "European Youth Chess Championship B14"]
[Site "Prague, Top Hotel Prague"]
[Date "2016.08.24"]
[Round "6.15"]
[White "Globus, Or"]
[Black "Kramich, Aliaksei"]
[Result "1-0"]
[WhiteElo "2165"]
[BlackElo "1629"]
[PlyCount "105"]
[EventDate "2016.08.18"]

 1. d4 Nf6 2. Nf3 e6 3. c4 Bb4+ 4. Bd2 c5 5.
Bxb4 cxb4 6. g3 b6 7. Bg2 Bb7 8. O-O O-O 9. Nbd2 Qe7 10. Rc1 d6 11. Qb3 a5 12.
a3 Na6 13. axb4 Nxb4 14. Ne1 e5 15. Bxb7 Qxb7 16. d5 Nd7 17. Ne4 Qc7 18. Nd3
Nxd3 19. Qxd3 f5 20. Nc3 Nc5 21. Qc2 Qd7 22. f4 exf4 23. Rxf4 g5 24. Rf3 Rae8
25. Rcf1 Re5 26. Kh1 Rf7 27. Kg1 Qc8 28. e3 Na6 29. b3 Nb4 30. Qd2 Rfe7 31. Nb5
Qd7 32. Nd4 Rf7 33. e4 f4 34. Ne6 Rxe6 35. dxe6 Qxe6 36. gxf4 Qxe4 37. Rg3 Rf6
38. Re1 Qf5 39. Rxg5+ Rg6 40. Kh1 Rxg5 41. fxg5 Nd3 42. Re8+ Kf7 43. Qe2 Ne5
44. Qh5+ Ng6 45. Re1 Kg8 46. Qe2 Ne5 47. Rf1 Qd7 48. Qe4 Qh3 49. Qa8+ Kg7 50.
Qf8+ Kg6 51. Qf6+ Kh5 52. Qh6+ Kg4 53. Rf4+ 1-0

[Event "European Youth Chess Championship B14"]
[Site "Prague, Top Hotel Prague"]
[Date "2016.08.24"]
[Round "6.16"]
[White "Sahin, Doga Boran"]
[Black "Tomasi, Albert"]
[Result "1-0"]
[WhiteElo "2107"]
[BlackElo "2276"]
[PlyCount "97"]
[EventDate "2016.08.18"]

1. d4 d5 2. c4 c6 3. Nf3 Nf6 4. Nc3 dxc4 5. a4 Bf5 6. e3 e6 7. Bxc4 Bb4 8. O-O
Nbd7 9. h3 O-O 10. Nh4 Be4 11. Nxe4 Nxe4 12. Nf3 c5 13. Bd3 Ndf6 14. Qc2 Qd5
15. Bc4 Qh5 16. Bd3 Qd5 17. Bc4 Qf5 18. b3 Bc3 19. Bb2 Bxb2 20. Qxb2 Rac8 21.
Rac1 Rfd8 22. Rfd1 h6 23. dxc5 Rxd1+ 24. Rxd1 Qxc5 25. Nd4 Qb4 26. Nxe6 Nd6 27.
Qd4 Nxc4 28. Qd8+ Rxd8 29. Rxd8+ Kh7 30. Nf8+ Kh8 31. Ne6+ Kh7 32. Nf8+ Qxf8
33. Rxf8 Nd6 34. Rd8 Nde4 35. Rb8 Nd6 36. Rd8 Nde4 37. Rb8 Nd6 38. f3 Nfe8 39.
e4 f6 40. f4 Nc7 41. e5 fxe5 42. fxe5 Nde8 43. Rxb7 a6 44. b4 Kg6 45. b5 axb5
46. axb5 Nd5 47. b6 Nxb6 48. Rxb6+ Kf5 49. Rb7 1-0

[Event "European Youth Chess Championship B14"]
[Site "Prague, Top Hotel Prague"]
[Date "2016.08.24"]
[Round "6.17"]
[White "Kaasen, Tor Fredrik"]
[Black "Bango, Lukas"]
[Result "0-1"]
[WhiteElo "2229"]
[BlackElo "2058"]
[PlyCount "120"]
[EventDate "2016.08.18"]

1. d4 c5 2. d5 f5 3. Nc3 Nf6 4. Bg5 Qb6 5. Rb1 g6 6. Nf3 Bg7 7. Nd2 d6 8. Nc4
Qb4 9. Nd2 O-O 10. e3 Bd7 11. a3 Qa5 12. Bd3 b5 13. O-O Na6 14. e4 c4 15. Be2
Nc7 16. exf5 Bxf5 17. Nf3 Qb6 18. Qd2 Rae8 19. Nd4 Ne4 20. Nxe4 Qxd4 21. Qxd4
Bxd4 22. Bf3 Kg7 23. c3 Bb6 24. Rbd1 h6 25. Bc1 Rf7 26. Rfe1 Ref8 27. Re2 a5
28. Be3 Bxe3 29. Rxe3 Bc8 30. a4 bxa4 31. Nd2 Ba6 32. Ra1 Rb8 33. Ra2 Rb5 34.
Nxc4 Nxd5 35. Re1 Rf4 36. Bxd5 Rxd5 37. Rxe7+ Kf8 38. Ne3 Rd3 39. Ra7 Rxe3 40.
Ra1 Re2 41. Rxa6 Rfxf2 42. Rf1 Rxf1+ 43. Kxf1 Rxb2 44. Rxa5 Ra2 45. Ra8+ Kf7
46. Ra7+ Ke6 47. Rg7 Ra1+ 48. Kf2 Kf6 49. Rd7 Ke5 50. Ra7 a3 51. Ke3 a2 52.
Ra5+ d5 53. Kf2 Ke4 54. Kg3 Kd3 55. Rxd5+ Kxc3 56. Ra5 Kb3 57. Rb5+ Ka4 58. Rb8
Rb1 59. Ra8+ Kb3 60. Rb8+ Kc4 0-1

[Event "European Youth Chess Championship B14"]
[Site "Prague, Top Hotel Prague"]
[Date "2016.08.24"]
[Round "6.18"]
[White "Vestby-Ellingsen, Mads"]
[Black "Parkhov, Yair"]
[Result "0-1"]
[WhiteElo "2184"]
[BlackElo "2102"]
[PlyCount "68"]
[EventDate "2016.08.18"]

1. d4 e6 2. c4 Nf6 3. Nc3 Bb4 4. e3 O-O 5. Nge2 d5 6. a3 Be7 7. cxd5 exd5 8. g3
Bg4 9. Qb3 Bf3 10. Qxb7 Nc6 11. Rg1 Na5 12. Qa6 Nb3 13. Rb1 Rb8 14. h3 Qd7 15.
Qd3 Rb6 16. Qc2 Rfb8 17. g4 Ne4 18. Bg2 Ng5 19. Kf1 h5 20. gxh5 Nxc1 21. Qxc1
Qf5 22. Bxf3 Nxf3 23. Rg2 Bxa3 24. e4 Qxh3 25. bxa3 Rxb1 26. Nxb1 Rxb1 27. Qxb1
Nd2+ 28. Kg1 Nxb1 29. Ng3 Nd2 30. exd5 Nf3+ 31. Kf1 Qg4 32. Ne2 Nd2+ 33. Kg1
Qxe2 34. h6 Nf3+ 0-1

[Event "European Youth Chess Championship B14"]
[Site "Prague, Top Hotel Prague"]
[Date "2016.08.24"]
[Round "6.19"]
[White "Levitskiy, Andrey"]
[Black "De, Boer Eelke"]
[Result "1-0"]
[WhiteElo "2101"]
[BlackElo "2183"]
[PlyCount "117"]
[EventDate "2016.08.18"]

 1. e4 e6 2. d4 d5 3. Nc3 Bb4 4. e5 c5 5. a3
Bxc3+ 6. bxc3 Qa5 7. Bd2 Qa4 8. Qg4 g6 9. Nf3 Nc6 10. Be2 c4 11. Ra2 Bd7 12.
Qh4 h6 13. O-O Rh7 14. Rb1 b6 15. Bg5 Rg7 16. Bf6 g5 17. Qh5 Rg6 18. h4 Nxf6
19. exf6 gxh4 20. Ne5 Nxe5 21. dxe5 O-O-O 22. Qxh4 Qa5 23. Qd4 Rdg8 24. Bf3 Bc6
25. g3 Rg5 26. Kg2 h5 27. Rh1 Rg4 28. Bxg4 Rxg4 29. f4 Qb5 30. Kf3 Rg8 31. a4
Qc5 32. a5 Qxd4 33. cxd4 Rh8 34. axb6 axb6 35. c3 Kb7 36. Rah2 Ba4 37. Ke3 Rg8
38. Rg1 Rh8 39. g4 h4 40. f5 Bd7 41. fxe6 Bxe6 42. Rh3 b5 43. Kf4 Kb6 44. Rgh1
b4 45. cxb4 Kb5 46. Rxh4 Rxh4 47. Rxh4 Kxb4 48. g5 c3 49. g6 c2 50. Rh1 fxg6
51. Kg5 Bf7 52. Kh6 Kc3 53. Kg7 Be6 54. f7 Bxf7 55. Kxf7 Kxd4 56. e6 Kc3 57. e7
d4 58. e8=Q d3 59. Qe3 1-0

[Event "European Youth Chess Championship B14"]
[Site "Prague, Top Hotel Prague"]
[Date "2016.08.24"]
[Round "6.20"]
[White "Morgunov, Daniel"]
[Black "Tryggestad, Andreas Garberg"]
[Result "0-1"]
[WhiteElo "2098"]
[BlackElo "2161"]
[PlyCount "134"]
[EventDate "2016.08.18"]

1. e4 c5 2. f4 e6 3. Nf3 d5 4. Bb5+ Bd7 5. Bxd7+ Qxd7 6. Nc3 dxe4 7. Ne5 Qc7 8.
Nxe4 Nc6 9. Nxc6 Qxc6 10. Qf3 Nh6 11. d3 Nf5 12. Be3 Be7 13. O-O O-O 14. Rae1
c4 15. d4 Nh4 16. Qh3 Qxe4 17. Bf2 Qxf4 18. Bg3 Qh6 19. Bf4 Qg6 20. Bg3 Nf5 21.
Rxf5 exf5 22. Rxe7 Rae8 23. Rxb7 f4 24. Bxf4 Re2 25. Qf3 Qxc2 26. h3 Qd3 27.
Qd5 Qe4 28. Qxe4 Rxe4 29. Bd6 Rd8 30. Bc5 Re1+ 31. Kf2 Rb1 32. Rb4 a5 33. Rb6
f6 34. Ke3 Kf7 35. b3 cxb3 36. axb3 Rb2 37. Kf3 Ra8 38. Rb5 Ke6 39. Rb6+ Kd7
40. Rb7+ Kc6 41. Rb6+ Kc7 42. d5 a4 43. Rc6+ Kd7 44. bxa4 Rxa4 45. Re6 Rc4 46.
Rd6+ Ke8 47. Re6+ Kf7 48. Re7+ Kg6 49. Be3 Rb3 50. g4 Rd3 51. h4 h6 52. Re4
Rcc3 53. Kf4 Rxd5 54. h5+ Kh7 55. Bf2 g5+ 56. hxg6+ Kxg6 57. Ra4 Rd1 58. Ba7
Rf1+ 59. Ke4 Rg3 60. Kd5 Kg5 61. Ke6 Rxg4 62. Be3+ Kh5 63. Ra5+ Kg6 64. Bb6
Re4+ 65. Kd6 Rd1+ 66. Kc6 Re6+ 67. Kb7 Rb1 0-1

[Event "European Youth Chess Championship B14"]
[Site "Prague, Top Hotel Prague"]
[Date "2016.08.24"]
[Round "6.21"]
[White "Yeritsyan, Aram"]
[Black "Stefansson, Vignir Vatnar"]
[Result "1-0"]
[WhiteElo "2091"]
[BlackElo "2160"]
[PlyCount "133"]
[EventDate "2016.08.18"]

1. e4 c5 2. Nf3 e6 3. d4 cxd4 4. Nxd4 Nc6 5. Nc3 Qc7 6. Be2 a6 7. O-O Nf6 8.
Be3 Bb4 9. Na4 Be7 10. c4 d6 11. Nc3 O-O 12. Rc1 Bd7 13. Qd2 Rac8 14. Rfd1 Qb8
15. f3 Rc7 16. b3 b6 17. Kh1 Rfc8 18. a4 Qb7 19. Bf1 Na5 20. Qb2 Be8 21. Nb1
Nd7 22. Na3 Nc5 23. Rc3 Bxa4 24. bxa4 Nxa4 25. Qa1 Nxc3 26. Qxc3 Nxc4 27. Bxc4
b5 28. Nxe6 Bf6 29. Qd2 Rd7 30. Bd5 Qb8 31. Nd4 Rdc7 32. Qa2 Rc3 33. Bg1 b4 34.
Nb1 Rc1 35. Rxc1 Rxc1 36. Ne2 Re1 37. Bxf7+ Kf8 38. Bc4 Qb6 39. Qd2 Rxb1 40.
Qd5 Ke7 41. Qf7+ Kd8 42. Be6 Rxg1+ 43. Nxg1 Qc6 44. Qf8+ Kc7 45. Ne2 a5 46.
Qc8+ Kb6 47. Qb8+ Kc5 48. Qa7+ Qb6 49. Qa8 Qb5 50. Qd5+ Kb6 51. Qxd6+ Qc6 52.
Qb8+ Qb7 53. Qf4 Qe7 54. Bb3 g5 55. Qb8+ Kc5 56. Qc8+ Kb5 57. Qc4+ Kb6 58. Nd4
Qc5 59. Qe6+ Kc7 60. Qf7+ Kb8 61. Qe8+ Ka7 62. Qd7+ Kb6 63. Ne2 Be5 64. Qd3 h6
65. Qd8+ Ka7 66. g3 Qf2 67. Qxa5+ 1-0

[Event "European Youth Chess Championship B14"]
[Site "Prague, Top Hotel Prague"]
[Date "2016.08.24"]
[Round "6.22"]
[White "Dolansky, Lukas"]
[Black "Vlachos, Anatole"]
[Result "1-0"]
[WhiteElo "2067"]
[BlackElo "2160"]
[PlyCount "87"]
[EventDate "2016.08.18"]

1. e4 c5 2. Nf3 e6 3. d3 Nc6 4. g3 d5 5. Nbd2 Nf6 6. Bg2 Be7 7. O-O b6 8. Re1
Bb7 9. c3 Qc7 10. Qe2 O-O 11. e5 Nd7 12. Nf1 b5 13. Bf4 b4 14. h4 Nb6 15. N1h2
Na4 16. Rec1 bxc3 17. bxc3 Ba6 18. Bf1 Rab8 19. Ng5 h6 20. Nh3 Rfc8 21. Qh5 Kf8
22. Ng5 Nd8 23. Nh7+ Ke8 24. Qg4 Bf8 25. Nxf8 Kxf8 26. Bxh6 gxh6 27. Qxa4 Rb6
28. Qf4 Ke7 29. h5 Bb7 30. Bg2 Ba6 31. Bf1 Bb7 32. d4 cxd4 33. cxd4 Nc6 34. Ng4
Rb4 35. Nxh6 Rf8 36. a3 Rb2 37. Qg5+ Kd7 38. Qg7 Qd8 39. Rd1 Kc7 40. Ng4 Ne7
41. Nf6 Nf5 42. Rac1+ Bc6 43. Qg5 Kb7 44. Rxc6 1-0

[Event "European Youth Chess Championship B14"]
[Site "Prague, Top Hotel Prague"]
[Date "2016.08.24"]
[Round "6.23"]
[White "Fus, Jakub"]
[Black "Chukavin, Kirill"]
[Result "1/2-1/2"]
[WhiteElo "2044"]
[BlackElo "2146"]
[PlyCount "90"]
[EventDate "2016.08.18"]

1. d4 Nf6 2. c4 e6 3. Nf3 d5 4. g3 Be7 5. Bg2 O-O 6. O-O dxc4 7. Qc2 a6 8. a4
Bd7 9. Qxc4 Bc6 10. Bg5 Bd5 11. Qc2 Be4 12. Qc1 Nc6 13. e3 Nb4 14. Nc3 Bc6 15.
Bxf6 Bxf6 16. Rd1 a5 17. Qd2 b6 18. e4 Qd7 19. Qe2 Rfd8 20. h4 Bb7 21. Rac1 g6
22. h5 Qe7 23. e5 Bg7 24. Ne4 Bxe4 25. Qxe4 Rac8 26. Nh2 Nd5 27. Rc4 Qg5 28.
hxg6 hxg6 29. Ng4 Qe7 30. Qe2 Rd7 31. Rdc1 Nb4 32. Be4 Rcd8 33. Qe3 Kh7 34. Kg2
Kg8 35. f3 c5 36. dxc5 bxc5 37. Rxc5 Nd3 38. Bxd3 Rxd3 39. Qe1 Rd2+ 40. Nf2
Rxb2 41. Rc8 Rxc8 42. Rxc8+ Kh7 43. Rc1 Qa7 44. Qh1+ Bh6 45. Rf1 Kg7 1/2-1/2

[Event "European Youth Chess Championship B14"]
[Site "Prague, Top Hotel Prague"]
[Date "2016.08.24"]
[Round "6.24"]
[White "Kalavannan, Koby"]
[Black "Golding, Alex"]
[Result "0-1"]
[WhiteElo "2146"]
[BlackElo "1958"]
[PlyCount "106"]
[EventDate "2016.08.18"]

1. d4 Nf6 2. c4 g6 3. Nc3 Bg7 4. e4 d6 5. h3 O-O 6. Nf3 c5 7. d5 e6 8. Bd3 exd5
9. exd5 Re8+ 10. Be3 a6 11. O-O b5 12. cxb5 axb5 13. Bxb5 Bd7 14. Bc4 Ne4 15.
Nxe4 Rxe4 16. Qc2 Re8 17. Bd2 Bf5 18. Qc1 Be4 19. Ng5 Bf5 20. Nf3 Be4 21. Ne1
Nd7 22. f3 Bd4+ 23. Kh2 Bf5 24. g4 Qf6 25. Bc3 Bxc3 26. Qxc3 Qxc3 27. bxc3 Nb6
28. Bb5 Bd7 29. Bxd7 Nxd7 30. Rf2 Ra3 31. Nc2 Rxc3 32. a4 Ra8 33. a5 Rb3 34.
Re2 Rb5 35. Re7 Ne5 36. f4 Kf8 37. Rc7 Nc4 38. Na3 Rb2+ 39. Kg3 Rb3+ 40. Kh4
Rxa3 41. Rxa3 Nxa3 42. Kg5 Kg7 43. f5 h6+ 44. Kf4 gxf5 45. Kxf5 Rxa5 46. h4 Ra4
47. g5 Rxh4 48. g6 Rh5+ 49. Ke4 Re5+ 50. Kf4 Kxg6 51. Ra7 Nb5 52. Ra5 Nc7 53.
Rxc5 Nxd5+ 0-1

[Event "European Youth Chess Championship B14"]
[Site "Prague, Top Hotel Prague"]
[Date "2016.08.24"]
[Round "6.25"]
[White "Petr, Jakub"]
[Black "Amon, Nejc"]
[Result "1-0"]
[WhiteElo "1917"]
[BlackElo "2138"]
[PlyCount "79"]
[EventDate "2016.08.18"]

1. e4 c5 2. Nf3 d6 3. d4 cxd4 4. Nxd4 Nf6 5. Nc3 g6 6. Be2 Bg7 7. O-O O-O 8.
Bg5 Nc6 9. Nb3 Be6 10. Kh1 Rc8 11. f4 a6 12. Bf3 Re8 13. Nd5 Bxd5 14. exd5 Nb8
15. c3 Nbd7 16. Qe2 Nb6 17. Rad1 Nc4 18. Rfe1 Qb6 19. Rd4 Qb5 20. Qc2 Qd7 21.
Nd2 Nxd2 22. Qxd2 Rc5 23. Rd3 Qb5 24. b3 Qd7 25. Rde3 Kf8 26. h3 Ng8 27. c4 b5
28. Be2 Qb7 29. Bd3 b4 30. Qe2 a5 31. f5 h6 32. fxg6 hxg5 33. gxf7 Kxf7 34.
Rf3+ Bf6 35. Qe6+ Kg7 36. Qf5 Rb8 37. Qh7+ Kf8 38. Re6 Ke8 39. Qxg8+ Kd7 40.
Qf7 1-0

[Event "European Youth Chess Championship B14"]
[Site "Prague, Top Hotel Prague"]
[Date "2016.08.24"]
[Round "6.26"]
[White "Gorshtein, Ido"]
[Black "Milosevic, Milos"]
[Result "1-0"]
[WhiteElo "2008"]
[BlackElo "2132"]
[PlyCount "83"]
[EventDate "2016.08.18"]

1. e4 c5 2. Nf3 d6 3. d4 cxd4 4. Nxd4 Nf6 5. Nc3 a6 6. Be3 e5 7. Nf3 Be7 8. Bc4
O-O 9. O-O Qc7 10. Bb3 Be6 11. h3 b5 12. a4 b4 13. Nd5 Nxd5 14. Bxd5 Bxd5 15.
Qxd5 Nd7 16. Qd3 Nf6 17. Bg5 Rfd8 18. Bxf6 Bxf6 19. Rfd1 Qc6 20. b3 Rac8 21.
Ra2 Rc7 22. Qd5 Be7 23. Kf1 Rdc8 24. Qxc6 Rxc6 25. Ne1 g6 26. a5 f5 27. Ra4 Rb8
28. Nd3 fxe4 29. Nxb4 Rcc8 30. Nxa6 Ra8 31. Nb4 Rf8 32. Ke2 Rf7 33. Nd5 Bg5 34.
b4 Raf8 35. Rf1 Bh4 36. a6 Bxf2 37. b5 Bc5 38. Rxf7 Rxf7 39. b6 Rf2+ 40. Ke1 e3
41. a7 e2 42. a8=Q+ 1-0

[Event "European Youth Chess Championship B14"]
[Site "Prague, Top Hotel Prague"]
[Date "2016.08.24"]
[Round "6.27"]
[White "Shmavonyan, Areg"]
[Black "Stevanic, David"]
[Result "1-0"]
[WhiteElo "1998"]
[BlackElo "2127"]
[PlyCount "71"]
[EventDate "2016.08.18"]

1. d4 Nf6 2. c4 e6 3. Nc3 d5 4. cxd5 exd5 5. Bg5 c6 6. e3 Bf5 7. Qf3 Bg6 8.
Bxf6 Qxf6 9. Qxf6 gxf6 10. h4 h5 11. Nh3 Bd6 12. g3 Nd7 13. Nf4 Nb6 14. Rc1
Bxf4 15. gxf4 Nc8 16. f3 Nd6 17. Kf2 O-O 18. Bh3 Rfe8 19. Rhe1 Re7 20. Ne2 Rae8
21. Ng3 f5 22. Bf1 Rc7 23. Rc3 Kg7 24. Bd3 Kh6 25. b3 Rce7 26. a4 Bh7 27. b4 a6
28. Rc5 Rc8 29. Rec1 Rec7 30. b5 axb5 31. axb5 Bg6 32. Nf1 Kg7 33. Nd2 Kf6 34.
Nb3 Ke7 35. Ke2 Kd7 36. b6 1-0

[Event "European Youth Chess Championship B14"]
[Site "Prague, Top Hotel Prague"]
[Date "2016.08.24"]
[Round "6.28"]
[White "Nowak, Mikolaj"]
[Black "Loukopoulos, Panagiotis-Athana"]
[Result "1-0"]
[WhiteElo "2123"]
[BlackElo "1663"]
[PlyCount "91"]
[EventDate "2016.08.18"]

1. d4 d5 2. c4 e6 3. cxd5 exd5 4. Nc3 c6 5. Nf3 Bd6 6. Qc2 Ne7 7. e3 Bf5 8. Bd3
Bxd3 9. Qxd3 Nd7 10. Bd2 Nf6 11. O-O O-O 12. Rab1 a5 13. Rfc1 Nc8 14. Ne1 Ng4
15. g3 Qf6 16. f3 Nh6 17. e4 dxe4 18. fxe4 Ng4 19. Nf3 Qg6 20. Nh4 Qe6 21. Nf5
Bb8 22. Qf3 Nf6 23. Rf1 Nd6 24. Nxg7 Kxg7 25. e5 Nfe8 26. exd6 Nxd6 27. Rbe1
Qg6 28. Ne4 Ba7 29. Bc3 Nb5 30. Nc5 Kg8 31. Re4 h5 32. Nd7 f5 33. Nxf8 fxe4 34.
Qf4 Qg7 35. Ne6 Qg6 36. Qe5 Re8 37. Rf6 Qg4 38. h3 Bxd4+ 39. Bxd4 Qd1+ 40. Rf1
Qxd4+ 41. Qxd4 Nxd4 42. Nxd4 c5 43. Nb3 b6 44. Re1 Kf7 45. Nd2 e3 46. Nc4 1-0

[Event "European Youth Chess Championship B14"]
[Site "Prague, Top Hotel Prague"]
[Date "2016.08.24"]
[Round "6.29"]
[White "Davtyan, Artur"]
[Black "Jazdanovs, Aleksandrs"]
[Result "1/2-1/2"]
[WhiteElo "2304"]
[BlackElo "2040"]
[PlyCount "85"]
[EventDate "2016.08.18"]

 1. d4 Nf6 2. c4 c5 3. d5 b5 4. Qc2 e6 5. e4
bxc4 6. Bxc4 exd5 7. exd5 Be7 8. Nf3 O-O 9. O-O d6 10. Bf4 Nbd7 11. b4 cxb4 12.
Nd4 Bb7 13. Nc6 Bxc6 14. dxc6 Ne5 15. Ba6 Qc7 16. Bb7 Rab8 17. Qa4 Rxb7 18.
cxb7 Qxb7 19. Nd2 Nd5 20. Bg3 h5 21. Qc2 Nc3 22. Rfe1 Ng6 23. h3 Bf6 24. Rac1
d5 25. Nb3 Qb6 26. Qf5 h4 27. Bh2 Nxa2 28. Rc8 Rxc8 29. Qxc8+ Kh7 30. Re8 Bg5
31. Qf5 Qc6 32. Qxf7 Qc2 33. Bd6 Qxb3 34. Qg8+ Kh6 35. Re6 Bf6 36. Bc5 Qb1+ 37.
Kh2 Be5+ 38. Rxe5 Nxe5 39. Be3+ Kg6 40. Qe6+ Kh7 41. Qxe5 Qe4 42. Qg5 d4 43.
Bxd4 1/2-1/2

[Event "European Youth Chess Championship B14"]
[Site "Prague, Top Hotel Prague"]
[Date "2016.08.24"]
[Round "6.30"]
[White "Stinka, Jakub"]
[Black "Olsen, Filip Boe"]
[Result "0-1"]
[WhiteElo "2034"]
[BlackElo "2260"]
[PlyCount "62"]
[EventDate "2016.08.18"]

1. e4 c6 2. d4 d5 3. exd5 cxd5 4. c4 Nf6 5. Nc3 Nc6 6. Bg5 dxc4 7. Bxc4 h6 8.
Bxf6 exf6 9. Nge2 Bd6 10. O-O O-O 11. Qd2 Bf5 12. a3 Rc8 13. Ba2 Na5 14. Ng3
Bg6 15. Rfe1 Nc4 16. Qe2 Bxg3 17. hxg3 Qxd4 18. Rad1 Qc5 19. b4 Qe5 20. Qf3 Nd2
21. Qd5 Qxc3 22. Qxd2 Qxa3 23. Re3 Qa6 24. Bb3 Qb6 25. Rc3 Rcd8 26. Qf4 Rxd1+
27. Bxd1 Re8 28. Bb3 Qb5 29. Bc4 Re1+ 30. Kh2 Qh5+ 31. Qh4 Qd1 0-1

[Event "European Youth Chess Championship B14"]
[Site "Prague, Top Hotel Prague"]
[Date "2016.08.24"]
[Round "6.31"]
[White "Travadon, Loic"]
[Black "Bulockin, Martin"]
[Result "1-0"]
[WhiteElo "2258"]
[BlackElo "2010"]
[PlyCount "175"]
[EventDate "2016.08.18"]

1. d4 Nf6 2. c4 g6 3. Nf3 Bg7 4. Nc3 d5 5. cxd5 Nxd5 6. e4 Nxc3 7. bxc3 c5 8.
Rb1 Nc6 9. d5 Ne5 10. Nxe5 Bxe5 11. Bb5+ Bd7 12. Bxd7+ Qxd7 13. c4 O-O 14. O-O
Bd4 15. Bb2 e5 16. Bxd4 cxd4 17. f4 f6 18. c5 Rfc8 19. fxe5 fxe5 20. Rc1 Kg7
21. Qd3 Rab8 22. Rf2 Rf8 23. Rcf1 Rxf2 24. Rxf2 Rc8 25. Qc4 Qg4 26. d6 Rf8 27.
Rxf8 Kxf8 28. Qf1+ Kg7 29. Qb1 Kf8 30. h3 Qe2 31. Kh2 Qf2 32. c6 bxc6 33. Qb8+
Kg7 34. Qc7+ Kh6 35. Qxc6 Qf4+ 36. Kg1 Qe3+ 37. Kh1 d3 38. d7 Qd4 39. Qd5 d2
40. Qxd4 exd4 41. d8=Q d1=Q+ 42. Kh2 Qd2 43. Qf8+ Kg5 44. Qe7+ Kh6 45. Qf8+ Kg5
46. e5 Qe3 47. Qe7+ Kh6 48. Qh4+ Kg7 49. Qf6+ Kh6 50. e6 d3 51. e7 d2 52. Qf8+
Kg5 53. e8=Q Qxe8 54. Qxe8 d1=Q 55. Qe7+ Kf5 56. Qxa7 Qd6+ 57. Kh1 Qd1+ 58. Qg1
Qa4 59. Qb1+ Kf6 60. Qa1+ Kf5 61. a3 h5 62. Qc3 Qd1+ 63. Kh2 Qd6+ 64. Qg3 Qa6
65. Qf3+ Kg5 66. Qe3+ Kf5 67. Qc5+ Kf6 68. Qd4+ Kf5 69. a4 g5 70. Qd5+ Kf6 71.
a5 g4 72. hxg4 hxg4 73. Kg3 Qe2 74. Qd6+ Kg7 75. a6 Kh7 76. Kh2 Qe1 77. Qd7+
Kh8 78. Qxg4 Qe5+ 79. Qg3 Qa5 80. Qh4+ Kg8 81. Qg4+ Kh7 82. Qe4+ Kh8 83. Qd4+
Kh7 84. a7 Qc7+ 85. Kh1 Qc1+ 86. Qg1 Qa3 87. Qb1+ Kg7 88. Qb7+ 1-0